50 Największych miast w byłym Bloku Wschodnim (bez Rosji) - Statystyki

Ogólne statystyki
  • Ten quiz został rozwiązany 32 razy
  • Średni wynik to 43 z 50
Odpowiedzi na mapie
Odpowiedzi zakodowano w zielono-czerwonej skali na mapie do tego quizu, zgodnie z poniższymi procentami.
 
Statystyki odpowiedzi
Państwo Miasto Populacja % Poprawnych
Serbia Belgrad 1,2 mln
100%
Niemcy Berlin 1,5 mln
100%
Słowacja Bratysława 480k
100%
Węgry Budapeszt 1,7 mln
100%
Rumunia Bukareszt 1,7 mln
100%
Polska Gdańsk 490k
100%
Ukraina Kijów 3 mln
100%
Mołdawia Kiszyniow 570k
100%
Polska Kraków 810k
100%
Polska Łódź 650k
100%
Ukraina Lwów 720k
100%
Białoruś Mińsk 2 mln
100%
Polska Poznań 540k
100%
Czechy Praga 1,4 mln
100%
Bośnia Sarajewo 350k
100%
Bułgaria Sofia 1,2 mln
100%
Polska Szczecin 390k
100%
Albania Tirana 390k
100%
Polska Warszawa 1,8 mln
100%
Litwa Wilno 590k
100%
Polska Wrocław 670k
100%
Chorwacja Zagrzeb 650k
100%
Polska Bydgoszcz 330k
97%
Polska Lublin 330k
97%
Łotwa Ryga 590k
97%
Ukraina Charków 1,4 mln
93%
Ukraina Donieck 900k
93%
Ukraina Odessa 1 mln
93%
Macedonia Skopje 420k
93%
Estonia Tallinn 460k
93%
Czechy Brno 400k
90%
Ukraina Dniepr 970k
86%
Niemcy Drezno 560k
86%
Białoruś Grodno 360k
86%
Niemcy Lipsk 610k
86%
Ukraina Sewastopol 490k
86%
Białoruś Brześć 340k
83%
Ukraina Zaporoże 710k
79%
Bułgaria Warna 320k
76%
Ukraina Krzywy Róg 600k
72%
Ukraina Ługańsk 400k
72%
Bułgaria Płowdiw 330k
69%
Białoruś Homel 500k
66%
Ukraina Mariupol 420k
66%
Białoruś Witebsk 360k
62%
Białoruś Mohylew 350k
55%
Ukraina Mikołajów 470k
48%
Ukraina Winnica 370k
45%
Ukraina Symferopol 340k
38%
Ukraina Makiejewka 340k
14%
Nie znaleziono quizów pasujących do podanych kryteriów
Rozkład punktacji
Procent ludzi z każdym wynikiem
Percentyl według liczby udzielonych odpowiedzi
Twoja historia wyników
Nie rozwiązałeś tego quizu